<?xml version="1.0" encoding="UTF-8"?><?xml-stylesheet type="text/xsl" href="static/style.xsl"?><OAI-PMH xmlns="http://www.openarchives.org/OAI/2.0/" xmlns:xsi="http://www.w3.org/2001/XMLSchema-instance" xsi:schemaLocation="http://www.openarchives.org/OAI/2.0/ http://www.openarchives.org/OAI/2.0/OAI-PMH.xsd"><responseDate>2026-05-14T07:28:34Z</responseDate><request verb="GetRecord" identifier="oai:riubu.ubu.es:10259/10053" metadataPrefix="marc">https://riubu.ubu.es/oai/request</request><GetRecord><record><header><identifier>oai:riubu.ubu.es:10259/10053</identifier><datestamp>2025-07-25T11:25:55Z</datestamp><setSpec>com_10259_3844</setSpec><setSpec>com_10259_5086</setSpec><setSpec>com_10259_2604</setSpec><setSpec>col_10259_3845</setSpec></header><metadata><record xmlns="http://www.loc.gov/MARC21/slim" xmlns:doc="http://www.lyncode.com/xoai" xmlns:xsi="http://www.w3.org/2001/XMLSchema-instance" xmlns:dcterms="http://purl.org/dc/terms/" xsi:schemaLocation="http://www.loc.gov/MARC21/slim http://www.loc.gov/standards/marcxml/schema/MARC21slim.xsd">
<leader>00925njm 22002777a 4500</leader>
<datafield tag="042" ind1=" " ind2=" ">
<subfield code="a">dc</subfield>
</datafield>
<datafield tag="720" ind1=" " ind2=" ">
<subfield code="a">Pérez Estébanez, Martín</subfield>
<subfield code="e">author</subfield>
</datafield>
<datafield tag="720" ind1=" " ind2=" ">
<subfield code="a">Cheuquepan Valenzuela, William</subfield>
<subfield code="e">author</subfield>
</datafield>
<datafield tag="720" ind1=" " ind2=" ">
<subfield code="a">Heras Vidaurre, Aránzazu</subfield>
<subfield code="e">author</subfield>
</datafield>
<datafield tag="720" ind1=" " ind2=" ">
<subfield code="a">Colina Santamaría, Álvaro</subfield>
<subfield code="e">author</subfield>
</datafield>
<datafield tag="260" ind1=" " ind2=" ">
<subfield code="c">2024</subfield>
</datafield>
<datafield tag="520" ind1=" " ind2=" ">
<subfield code="a">Raman enhancing strategies, such as Surface-Enhance Raman scattering (SERS), are a key piece for the development of spectroscopic and analytical strategies based on Raman spectroscopy, due to the intrinsic low sensitivity of the Raman scattering. Some years ago, our group reported an unexpected Raman enhancement process observed during the electrochemical oxidation of metallic electrodes, named Electrochemical Oxidation Surface-Enhanced Raman scattering (EC-SOERS). This Raman enhancement phenomenon was recently explained as an interaction of the analyte and the SERS dielectric substrate promoted by a metal cation. The elucidation of the origin of this enhancement is now leading to the development of new Raman enhancing substrates, such as copper-based substrates. In this work, we present an overview of the use of copper electrodes as EC-SOERS substrates. The presented strategies allow the electrosynthesis of SERS-active CuI nanocrystals on a metallic copper surface, which provides Raman enhancement for a wide number of molecules. The influence of the electrochemical conditions and the structure of the studied molecules are discussed. The use of CuSCN nanocrystals is also explored as substrates to promote Raman enhancement.</subfield>
</datafield>
<datafield tag="024" ind2=" " ind1="8">
<subfield code="a">0169-4332</subfield>
</datafield>
<datafield tag="024" ind2=" " ind1="8">
<subfield code="a">http://hdl.handle.net/10259/10053</subfield>
</datafield>
<datafield tag="024" ind2=" " ind1="8">
<subfield code="a">10.1016/j.apsusc.2024.159442</subfield>
</datafield>
<datafield tag="024" ind2=" " ind1="8">
<subfield code="a">1873-5584</subfield>
</datafield>
<datafield ind1=" " ind2=" " tag="653">
<subfield code="a">Raman spectroscopy</subfield>
</datafield>
<datafield ind1=" " ind2=" " tag="653">
<subfield code="a">Spectroelectrochemistry</subfield>
</datafield>
<datafield ind1=" " ind2=" " tag="653">
<subfield code="a">EC-SOERS</subfield>
</datafield>
<datafield ind1=" " ind2=" " tag="653">
<subfield code="a">Copper substrates</subfield>
</datafield>
<datafield tag="245" ind1="0" ind2="0">
<subfield code="a">Electrochemically generated CuI and CuSCN nanocrystals on Cu surfaces as Raman enhancing substrates</subfield>
</datafield>
</record></metadata></record></GetRecord></OAI-PMH>